000 00258nam a22001217a 4500
008 170715b xxu||||| |||| 00| 0 eng d
041 _aeng
080 _a2
100 _a24
101 _aANT
245 _aTHE ISLAMIC THREAT
_cESPOSITO,J.L
942 _2udc
_cBK
999 _c21200
_d21200